000 00595nam a2200217Ia 4500
003 OSt
005 20220926045212.0
006 a|||||r|||| 00| 0
007 ta
008 220923b |||||||| |||| 00| 0 eng d
037 _cGeneral Book
040 _aRTL
_cRTL
_beng
041 _2eng
_aeng
082 _aX71.254.N72
110 _aORRISA, (Govt. of-).
_9349917
245 0 _aFinance Department
_b Budget of the Department of Orissa, 1972-73
260 _c1972
700 _aORRISA, (Govt. of-).
_9349918
942 _hX71.254.N72
_cGB
_2CC
999 _c676939
_d676939